[Event "Novokuznetsk-ch"]
[Site "Novokuznetsk"]
[Date "2015.05.07"]
[Round "7"]
[White "Sozin, Stepan"]
[Black "Khalimanov, Alexandr"]
[Result "1-0"]
[WhiteElo "2318"]
[BlackElo "1968"]
[PlyCount "59"]
[EventDate "2015.05.01"]
[EventType "swiss"]
[EventRounds "9"]
[EventCountry "RUS"]
[SourceTitle "CBM 166 Extra"]
[Source "ChessBase"]
[SourceDate "2015.06.18"]
[SourceVersion "1"]
[SourceVersionDate "2015.06.18"]
[SourceQuality "1"]

1. e4 e6 2. d4 d5 3. e5 c5 4. c3 Nc6 5. Nf3 Bd7 6. Be2 Nge7 7. h4 cxd4 8. cxd4 Qb6 9. Na3 Nf5 10. Nc2 h5 11. Kf1 Rc8 12. g3 Qc7 13. Ne3 Nxe3+ 14. fxe3 Ne7 15. Bd3 Qb6 16. a4 g6 17. Kg2 Bh6 18. Ng5 Bxg5 19. hxg5 Nf5 20. g4 Ng7 21. Qf3 0-0 22. gxh5 Nxh5 23. Rxh5 gxh5 24. Qxh5 Rfd8 25. Qh7+ Kf8 26. Qh8+ Ke7 27. Qf6+ Kf8 28. g6 Be8 29. g7+ Kg8 30. Qh6 1-0

[Event "Novokuznetsk SFO-ch U19"]
[Site "Novokuznetsk"]
[Date "2014.11.07"]
[Round "6"]
[White "Sozin, Stepan"]
[Black "Sukiasyan, Artem"]
[Result "1-0"]
[WhiteElo "2331"]
[BlackElo "1978"]
[PlyCount "72"]
[EventDate "2014.11.02"]
[EventType "swiss"]
[EventRounds "9"]
[EventCountry "RUS"]
[SourceTitle "CBM 163 Extra"]
[Source "ChessBase"]
[SourceDate "2014.12.23"]
[SourceVersion "1"]
[SourceVersionDate "2014.12.23"]
[SourceQuality "1"]

1. e4 c5 2. b4 cxb4 3. Bb2 Nc6 4. d4 d5 5. exd5 Qxd5 6. c4 Qe4+ 7. Ne2 e6 8. Nd2 Qf5 9. Ng3 Qf4 10. Nh5 Qh6 11. d5 Nd8 12. Ne4 f5 13. Nd6+ Bxd6 14. Bxg7 Qg6 15. Bxh8 e5 16. c5 Bxc5 17. Bxe5 Qb6 18. Qe2 Kf8 19. Rc1 Bd7 20. Qd2 Rc8 21. Bb2 b3 22. a3 Nf7 23. Bc4 Nd6 24. 0-0 Nxc4 25. Qc3 Qh6 26. Qxb3 Nxb2 27. Qxb2 b6 28. Ng3 Nf6 29. Rce1 Ng4 30. h3 f4 31. Ne4 f3 32. Nxc5 Rxc5 33. hxg4 fxg2 34. Kxg2 Bxg4 35. Qh8+ Kf7 36. Rh1 Qg6 1-0

[Event "Kemerovo Region Cup"]
[Site "Kemerovo"]
[Date "2014.08.27"]
[Round "7"]
[White "Sozin, Stepan"]
[Black "Isupov, Vladimir"]
[Result "1-0"]
[WhiteElo "2307"]
[BlackElo "2382"]
[PlyCount "64"]
[EventDate "2014.08.21"]
[EventType "swiss"]
[EventRounds "7"]
[EventCountry "RUS"]
[SourceTitle "CBM 162 Extra"]
[Source "ChessBase"]
[SourceDate "2014.10.17"]
[SourceVersion "1"]
[SourceVersionDate "2014.10.17"]
[SourceQuality "1"]

1. e4 e6 2. d4 d5 3. e5 c5 4. c3 Qb6 5. Nf3 Nc6 6. a3 Nh6 7. b4 cxd4 8. cxd4 Nf5 9. Bb2 Bd7 10. g4 Nfe7 11. Nc3 Na5 12. Nd2 Rc8 13. Rc1 Ng6 14. Ba1 Nc4 15. Bxc4 dxc4 16. Nce4 Qa6 17. Qf3 Be7 18. h4 c3 19. Bxc3 h5 20. gxh5 Nf8 21. Rh3 Bb5 22. Ra1 Bc6 23. Qg4 Rh7 24. Ng5 Rh6 25. a4 Bd5 26. b5 Qb6 27. Kf1 f6 28. Kg1 fxg5 29. hxg5 Rh8 30. g6 Rh6 31. Nf1 Rc4 32. Nd2 Rc8 1-0

[Event "Kemerovo Region Cup"]
[Site "Kemerovo"]
[Date "2014.08.24"]
[Round "4"]
[White "Vlassov, Nikolai"]
[Black "Sozin, Stepan"]
[Result "1-0"]
[WhiteElo "2453"]
[BlackElo "2307"]
[PlyCount "167"]
[EventDate "2014.08.21"]
[EventType "swiss"]
[EventRounds "7"]
[EventCountry "RUS"]
[SourceTitle "CBM 162 Extra"]
[Source "ChessBase"]
[SourceDate "2014.10.17"]
[SourceVersion "1"]
[SourceVersionDate "2014.10.17"]
[SourceQuality "1"]

1. e4 d6 2. f4 d5 3. exd5 Qxd5 4. Nc3 Qd6 5. d4 Nf6 6. Nf3 Bg4 7. h3 Qe6+ 8. Kf2 Bxf3 9. Qxf3 Qb6 10. Be3 Nbd7 11. Bd3 c6 12. g4 0-0-0 13. b4 e6 14. Rhb1 Qc7 15. b5 c5 16. b6 axb6 17. Nb5 Qb8 18. c3 Nd5 19. Bd2 Bd6 20. f5 Bf4 21. Be1 h5 22. gxh5 N7f6 23. fxe6 fxe6 24. Bg6 Be3+ 25. Ke2 Qh2+ 26. Kd3 Nf4+ 27. Kc4 N6d5 28. Bg3 Qe2+ 29. Qxe2 Nxe2 30. Be5 cxd4 31. Bxg7 Rhg8 32. Bxd4 Bxd4 33. cxd4 Ndf4 34. Re1 Kd7 35. Rf1 Rc8+ 36. Kb4 Rcf8 37. Rae1 Nd5+ 38. Kb3 Ndf4 39. Be4 Ng3 40. Rf3 Nxe4 41. Rxe4 Nxh5 42. Rc3 Rg3 43. Ree3 Rxe3 44. Rxe3 Nf4 45. Rf3 Rf5 46. Kc4 Ke7 47. a4 Rf8 48. Nc3 Rc8+ 49. Kb5 Nd5 50. Nxd5+ exd5 51. Rf5 Ke6 52. Rf3 Rc4 53. Re3+ Kd6 54. Rd3 Kc7 55. h4 Rc1 56. Rb3 Rh1 57. Rc3+ Kb8 58. Kxb6 Rxh4 59. Kc5 Kc7 60. Kxd5+ Kd7 61. Kc5 Rh6 62. Kb5 Rd6 63. Rc4 Rh6 64. a5 Rd6 65. Rb4 Ra6 66. Rb1 Rd6 67. Kc5 Rc6+ 68. Kd5 Kc7 69. Ke5 Ra6 70. d5 Rxa5 71. Ke6 Ra2 72. Rc1+ Kd8 73. Rh1 Kc7 74. d6+ Kb6 75. Rb1+ Kc6 76. Rc1+ Kb5 77. Rd1 Re2+ 78. Kf7 Rf2+ 79. Ke8 Re2+ 80. Kd8 Rh2 81. Kc7 b6 82. d7 Rh7 83. Rd6 Ka5 84. Kc6 1-0

[Event "Kemerovo Region Cup"]
[Site "Kemerovo"]
[Date "2014.08.23"]
[Round "3"]
[White "Sozin, Stepan"]
[Black "Gutov, Andrey"]
[Result "1/2-1/2"]
[WhiteElo "2307"]
[BlackElo "2398"]
[PlyCount "53"]
[EventDate "2014.08.21"]
[EventType "swiss"]
[EventRounds "7"]
[EventCountry "RUS"]
[SourceTitle "CBM 162 Extra"]
[Source "ChessBase"]
[SourceDate "2014.10.17"]
[SourceVersion "1"]
[SourceVersionDate "2014.10.17"]
[SourceQuality "1"]

1. e4 e5 2. Nf3 Nc6 3. c3 Nf6 4. d4 Nxe4 5. d5 Nb8 6. Qe2 Nf6 7. Qxe5+ Qe7 8. Bc4 Qxe5+ 9. Nxe5 Bd6 10. Nd3 b5 11. Bxb5 Nxd5 12. c4 Nb4 13. Nxb4 Bxb4+ 14. Bd2 Bxd2+ 15. Nxd2 Bb7 16. 0-0 0-0 17. Nb3 a6 18. Ba4 Bc6 19. Bxc6 Nxc6 20. Rfd1 Rfd8 21. Nd4 Nxd4 22. Rxd4 d6 23. Rad1 Kf8 24. c5 Ke7 25. Re4+ Kf8 26. Red4 Ke7 27. Re4+ 1/2-1/2

[Event "Novokuznetsk U21 op"]
[Site "Novokuznetsk"]
[Date "2014.06.17"]
[Round "5"]
[White "Buts, Nikita"]
[Black "Sozin, Stepan"]
[Result "0-1"]
[WhiteElo "1961"]
[BlackElo "2317"]
[PlyCount "80"]
[EventDate "2014.06.15"]
[EventType "swiss"]
[EventRounds "9"]
[EventCountry "RUS"]
[SourceTitle "EXT 2015"]
[Source "ChessBase"]
[SourceDate "2014.11.20"]
[SourceVersion "1"]
[SourceVersionDate "2014.11.20"]
[SourceQuality "1"]

1. d4 Nf6 2. c4 e6 3. g3 d5 4. Nf3 c6 5. Qc2 Nbd7 6. Bg2 Bd6 7. 0-0 Ne4 8. Nc3 f5 9. Nd2 0-0 10. Ndxe4 dxe4 11. f3 exf3 12. exf3 e5 13. Be3 f4 14. dxe5 Bxe5 15. Bf2 Qc7 16. Ne4 Nf6 17. Rfe1 Nxe4 18. Qxe4 Bxb2 19. Rad1 Bf5 20. Qe7 Rf7 21. Qxc7 Rxc7 22. Bd4 Bxd4+ 23. Rxd4 fxg3 24. hxg3 Rf8 25. f4 Rd7 26. Rxd7 Bxd7 27. Re5 Re8 28. Ra5 a6 29. Kf2 Be6 30. Re5 Kf7 31. Bf1 Rd8 32. a3 Rd2+ 33. Kf3 Ra2 34. Re3 Rc2 35. Re4 b5 36. Re5 Bxc4 37. Bh3 Rc3+ 38. Re3 Bd5+ 39. Kf2 Rxe3 40. Kxe3 c5 0-1

[Event "Novokuznetsk U21 op"]
[Site "Novokuznetsk"]
[Date "2014.06.15"]
[Round "1"]
[White "Sozin, Stepan"]
[Black "Sukiasyan, Artem"]
[Result "1-0"]
[WhiteElo "2317"]
[BlackElo "2014"]
[PlyCount "67"]
[EventDate "2014.06.15"]
[EventType "swiss"]
[EventRounds "9"]
[EventCountry "RUS"]
[SourceTitle "EXT 2015"]
[Source "ChessBase"]
[SourceDate "2014.11.20"]
[SourceVersion "1"]
[SourceVersionDate "2014.11.20"]
[SourceQuality "1"]

1. e4 c5 2. Nf3 d6 3. Bb5+ Bd7 4. Bxd7+ Qxd7 5. 0-0 Nc6 6. c3 g6 7. d4 cxd4 8. cxd4 Bg7 9. Nc3 Nf6 10. Qe2 0-0 11. Rd1 Nh5 12. h3 f5 13. Qc4+ e6 14. d5 exd5 15. Qxd5+ Kh8 16. exf5 Qxf5 17. Qxf5 Rxf5 18. Rxd6 Raf8 19. Be3 Nf4 20. Nd2 Bxc3 21. bxc3 Ne2+ 22. Kh2 Nxc3 23. Rxc6 bxc6 24. Bd4+ Kg8 25. Bxc3 Rxf2 26. Re1 Rd8 27. Ne4 Rxa2 28. Nf6+ Kf7 29. Nxh7 Kg8 30. Re7 Ra8 31. Rg7+ Kh8 32. Rxa7+ Kg8 33. Nf6+ Kf8 34. Bb4+ 1-0

[Event "Novokuznetsk Spring op"]
[Site "Novokuznetsk"]
[Date "2014.04.20"]
[Round "7"]
[White "Sozin, Stepan"]
[Black "Zavyalov, Mikhail"]
[Result "1-0"]
[WhiteElo "2266"]
[BlackElo "2131"]
[PlyCount "93"]
[EventDate "2014.03.29"]
[EventType "swiss"]
[EventRounds "9"]
[EventCountry "RUS"]
[SourceTitle "EXT 2015"]
[Source "ChessBase"]
[SourceDate "2014.11.20"]
[SourceVersion "1"]
[SourceVersionDate "2014.11.20"]
[SourceQuality "1"]

1. e4 c5 2. Nf3 e6 3. c4 Nf6 4. Nc3 d6 5. d4 cxd4 6. Nxd4 Be7 7. Be2 b6 8. Bf3 e5 9. Nf5 0-0 10. 0-0 Be6 11. b3 Na6 12. Bg5 Bxf5 13. exf5 e4 14. Nxe4 Nxe4 15. Bxe7 Qxe7 16. Re1 Qf6 17. Rxe4 Qxf5 18. Rd4 Rad8 19. Rxd6 Rxd6 20. Qxd6 Nc5 21. Rd1 g6 22. h3 h5 23. Qc7 Ne6 24. Qxa7 Nf4 25. Qb7 Re8 26. h4 Re6 27. g3 Nd3 28. Qd5 Ne5 29. Bg2 Ng4 30. Qxf5 gxf5 31. Bf3 Kg7 32. Bxg4 fxg4 33. Rd5 Kg6 34. Rg5+ Kh6 35. a4 f6 36. Rb5 Kg6 37. c5 bxc5 38. Rxc5 Re1+ 39. Kg2 Rb1 40. Rb5 Kf7 41. a5 Ke7 42. a6 Ra1 43. Rb6 f5 44. b4 Kd7 45. b5 Ke7 46. Rb7+ Ke6 47. a7 1-0

[Event "Novokuznetsk Kuzbass op"]
[Site "Novokuznetsk"]
[Date "2014.??.??"]
[Round "4"]
[White "Sozin, Stepan"]
[Black "Polyanskiy, Vladimir"]
[Result "1-0"]
[WhiteElo "2266"]
[BlackElo "2146"]
[PlyCount "77"]
[EventDate "2014.08.11"]
[EventType "swiss"]
[EventRounds "9"]
[EventCountry "RUS"]
[SourceTitle "CBM 162 Extra"]
[Source "ChessBase"]
[SourceDate "2014.10.17"]
[SourceVersion "1"]
[SourceVersionDate "2014.10.17"]
[SourceQuality "1"]

1. e4 Nc6 2. d4 e5 3. Nf3 exd4 4. Nxd4 Bc5 5. Nxc6 Qf6 6. Qf3 dxc6 7. Bc4 Be6 8. Bxe6 Qxe6 9. 0-0 Nf6 10. Nc3 a6 11. Bf4 0-0-0 12. Na4 Ba7 13. Rfe1 Rd4 14. Nc3 Rd7 15. Be3 Bxe3 16. Qxe3 Kb8 17. a4 Ng4 18. Qg3 Rd2 19. f3 Nf6 20. Re2 Rhd8 21. Qf2 Rxe2 22. Qxe2 h5 23. Rd1 Rxd1+ 24. Qxd1 Nd7 25. Qd4 f6 26. b3 g5 27. Kf2 Kc8 28. Nd1 g4 29. f4 Qe7 30. Ne3 Qa3 31. Kg3 Qf8 32. Nf5 Qh8 33. Qc4 Kb8 34. Qf7 Nc5 35. Qe7 b6 36. Kh4 a5 37. Ng3 Kb7 38. Nxh5 g3 39. hxg3 1-0

[Event "Novokuznetsk Kuzbass op"]
[Site "Novokuznetsk"]
[Date "2014.??.??"]
[Round "6"]
[White "Sozin, Stepan"]
[Black "Sitnikov, Dmitrij"]
[Result "1/2-1/2"]
[WhiteElo "2266"]
[BlackElo "2468"]
[PlyCount "87"]
[EventDate "2014.08.11"]
[EventType "swiss"]
[EventRounds "9"]
[EventCountry "RUS"]
[SourceTitle "CBM 162 Extra"]
[Source "ChessBase"]
[SourceDate "2014.10.17"]
[SourceVersion "1"]
[SourceVersionDate "2014.10.17"]
[SourceQuality "1"]

1. e4 c5 2. Nf3 d6 3. c3 Nf6 4. Be2 Nbd7 5. d3 g6 6. 0-0 Bg7 7. Re1 0-0 8. Bf1 e5 9. d4 h6 10. dxe5 Nxe5 11. Nxe5 dxe5 12. Qxd8 Rxd8 13. f3 Be6 14. Be3 c4 15. a4 Bf8 16. a5 Rdc8 17. Nd2 Ne8 18. Ra4 Nd6 19. f4 f6 20. fxe5 fxe5 21. Bf2 Rc6 22. Nf3 Bg7 23. Rb4 Bf7 24. Nd2 a6 25. Rb6 Rac8 26. Rxc6 Rxc6 27. Ra1 Bf6 28. Be3 Kg7 29. Ra4 g5 30. g4 Be6 31. Be2 Bd8 32. h3 Rc8 33. Ra1 Bf6 34. Bf2 Bd7 35. Bf3 Be7 36. Nf1 Ne8 37. Ng3 Bc5 38. Rd1 Bxf2+ 39. Kxf2 Be6 40. Nf5+ Kh7 41. Nd6 Nxd6 42. Rxd6 Rc6 43. Ke3 Kg7 44. Bd1 1/2-1/2

[Event "Novokuznetsk-ch"]
[Site "Novokuznetsk"]
[Date "2013.12.08"]
[Round "7"]
[White "Chernov, Mikhail"]
[Black "Sozin, Stepan"]
[Result "1/2-1/2"]
[WhiteElo "2219"]
[BlackElo "2244"]
[PlyCount "30"]
[EventDate "2013.11.17"]
[EventType "swiss"]
[EventRounds "9"]
[EventCountry "RUS"]
[SourceTitle "EXT 2015"]
[Source "ChessBase"]
[SourceDate "2014.11.20"]
[SourceVersion "1"]
[SourceVersionDate "2014.11.20"]
[SourceQuality "1"]

1. e4 c5 2. Nf3 d6 3. d4 cxd4 4. Nxd4 Nf6 5. Nc3 g6 6. Be3 Bg7 7. f3 0-0 8. Qd2 Nc6 9. Bc4 Bd7 10. 0-0-0 Rb8 11. Bb3 Na5 12. Bh6 Bxh6 13. Qxh6 b5 14. Nd5 Nxb3+ 15. axb3 Nxd5 1/2-1/2

[Event "Novokuznetsk-ch"]
[Site "Novokuznetsk"]
[Date "2013.12.07"]
[Round "6"]
[White "Sozin, Stepan"]
[Black "Lavrov, Sergey Viktorovich"]
[Result "1/2-1/2"]
[WhiteElo "2244"]
[BlackElo "2408"]
[PlyCount "130"]
[EventDate "2013.11.17"]
[EventType "swiss"]
[EventRounds "9"]
[EventCountry "RUS"]
[SourceTitle "EXT 2015"]
[Source "ChessBase"]
[SourceDate "2014.11.20"]
[SourceVersion "1"]
[SourceVersionDate "2014.11.20"]
[SourceQuality "1"]

1. e4 e5 2. Nf3 Nf6 3. Nxe5 d6 4. Nf3 Nxe4 5. Nc3 Nxc3 6. dxc3 Be7 7. Be3 0-0 8. Qd2 b6 9. h4 Bb7 10. h5 h6 11. Rh3 Bf6 12. Rg3 Nd7 13. Bxh6 Re8+ 14. Be3 Nc5 15. Bd3 Ne4 16. Bxe4 Rxe4 17. 0-0-0 Qd7 18. Ng5 Rg4 19. Rxg4 Qxg4 20. f3 Qxh5 21. Nh3 Re8 22. Nf4 Qh2 23. Nd3 Qh5 24. Kb1 c5 25. Nf2 d5 26. Rh1 Qg6 27. Ng4 Bd8 28. Bf4 f6 29. Qf2 Ba6 30. Re1 Bb5 31. Rxe8+ Qxe8 32. Qg3 Qe6 33. Bc1 Be8 34. Nf2 a5 35. Nd3 g5 36. Qb8 Qd7 37. g4 Qc7 38. Qa8 Bc6 39. Qa6 Qb7 40. Qxb7 Bxb7 41. f4 c4 42. Nf2 gxf4 43. Bxf4 Kf7 44. Kc1 b5 45. Kd2 Bc8 46. Ke2 Kg6 47. Be3 b4 48. cxb4 axb4 49. c3 Ba5 50. Bd4 bxc3 51. bxc3 Bc7 52. Kf3 Bd7 53. Nh3 Kf7 54. Nf4 Bc6 55. Nh5 Be5 56. Ke3 Kg6 57. a4 Kg5 58. a5 Bc7 59. Nxf6 Bxa5 60. Kf3 Bd8 61. Nh5 Ba4 62. Nf4 Bd1+ 63. Ke3 Kxg4 64. Nxd5 Bg5+ 65. Ke4 Bf3+ 1/2-1/2

[Event "Novokuznetsk-ch"]
[Site "Novokuznetsk"]
[Date "2013.11.24"]
[Round "3"]
[White "Popov, Yury"]
[Black "Sozin, Stepan"]
[Result "1/2-1/2"]
[WhiteElo "2017"]
[BlackElo "2244"]
[PlyCount "126"]
[EventDate "2013.11.17"]
[EventType "swiss"]
[EventRounds "9"]
[EventCountry "RUS"]
[SourceTitle "EXT 2015"]
[Source "ChessBase"]
[SourceDate "2014.11.20"]
[SourceVersion "1"]
[SourceVersionDate "2014.11.20"]
[SourceQuality "1"]

1. d4 Nf6 2. c4 e6 3. a3 b6 4. Nc3 Bb7 5. Bg5 Be7 6. e3 0-0 7. Nf3 d5 8. Bxf6 Bxf6 9. cxd5 exd5 10. Na4 Nd7 11. Rc1 Rc8 12. b4 Qe7 13. Qb3 Kh8 14. Bd3 g6 15. 0-0 Bg7 16. b5 f5 17. Rfe1 Qd6 18. g3 Nf6 19. Ne5 Ne4 20. Qb2 Rce8 21. f4 g5 22. Nc3 gxf4 23. exf4 Re7 24. Be2 Qh6 25. Bf3 Rg8 26. Nxe4 dxe4 27. Bg2 Bd5 28. Rc2 Qd6 29. Rec1 Bh6 30. Rc6 Bxc6 31. Rxc6 Qd5 32. Rxh6 a6 33. bxa6 Qa5 34. Qb4 Qd5 35. Bf1 c5 36. dxc5 bxc5 37. Qc4 Qd4+ 38. Kg2 Qd2+ 39. Kh3 e3 40. Qd3 Qf2 41. Qe2 Qxe2 42. Bxe2 Rb8 43. Kg2 Rb3 44. Ng6+ Kg7 45. Rxh7+ Kxh7 46. Nxe7 Rxa3 47. Nxf5 Kg6 48. g4 c4 49. Bxc4 Ra4 50. Bd3 Rxf4 51. Nxe3+ Kg5 52. Kg3 Ra4 53. h4+ Kf6 54. g5+ Ke6 55. Be2 Ra3 56. Kf4 Ra4+ 57. Bc4+ Ke7 58. Kf5 Kf8 59. h5 Ra3 60. Ng4 Kg7 61. h6+ Kh8 62. g6 Rf3+ 63. Kg5 Rf5+ 1/2-1/2

[Event "Novokuznetsk-ch"]
[Site "Novokuznetsk"]
[Date "2013.11.23"]
[Round "2"]
[White "Sozin, Stepan"]
[Black "Tresvyatskiy, Kirill"]
[Result "1-0"]
[WhiteElo "2244"]
[BlackElo "1975"]
[PlyCount "33"]
[EventDate "2013.11.17"]
[EventType "swiss"]
[EventRounds "9"]
[EventCountry "RUS"]
[SourceTitle "EXT 2015"]
[Source "ChessBase"]
[SourceDate "2014.11.20"]
[SourceVersion "1"]
[SourceVersionDate "2014.11.20"]
[SourceQuality "1"]

1. e4 c5 2. Nf3 d6 3. c3 Nf6 4. Be2 Nc6 5. d4 cxd4 6. cxd4 Nxe4 7. d5 Qa5+ 8. Nc3 Nxc3 9. bxc3 Ne5 10. Nxe5 Qxc3+ 11. Bd2 Qxe5 12. Rb1 Qxd5 13. Bb5+ Bd7 14. Bxd7+ Kxd7 15. Qa4+ Kd8 16. Rxb7 Qe6+ 17. Kd1 1-0

[Event "Kemerovo Region Cup"]
[Site "Kemerovo"]
[Date "2013.09.03"]
[Round "6"]
[White "Lavrov, Sergey Viktorovich"]
[Black "Sozin, Stepan"]
[Result "1-0"]
[WhiteElo "2408"]
[BlackElo "2248"]
[PlyCount "93"]
[EventDate "2013.08.28"]
[EventType "swiss"]
[EventRounds "7"]
[EventCountry "RUS"]
[SourceTitle "EXT 2014"]
[Source "ChessBase"]
[SourceDate "2013.11.20"]
[SourceVersion "1"]
[SourceVersionDate "2013.11.20"]
[SourceQuality "1"]

1. d4 Nf6 2. c4 e6 3. Nf3 b6 4. Nc3 Bb7 5. e3 Be7 6. Bd3 d5 7. b3 c5 8. 0-0 0-0 9. Bb2 cxd4 10. exd4 Nc6 11. Rc1 Rc8 12. Qe2 Nb4 13. Bb1 dxc4 14. bxc4 Bxf3 15. gxf3 Bd6 16. Ne4 Nh5 17. Ng3 Nf4 18. Qe3 Qh4 19. Kh1 f5 20. d5 Rce8 21. Rg1 Nh5 22. dxe6 Bf4 23. Qc3 Nc6 24. Rce1 Rf6 25. Rg2 Rfxe6 26. Rxe6 Rxe6 27. Bxf5 Re7 28. Be4 Be5 29. Qd2 Bxb2 30. Qd5+ Kf8 31. Qxc6 Nf4 32. Nf5 Qh3 33. Rg1 Re6 34. Qc8+ Re8 35. Qb7 Be5 36. Rxg7 Qf1+ 37. Rg1 Qh3 38. Qd7 Ng6 39. Rg2 Re7 40. Qd1 Re8 41. Qg1 Rd8 42. Ne3 Nf4 43. Rg8+ Ke7 44. Qg5+ Bf6 45. Rg7+ Ke6 46. Bd5+ Nxd5 47. cxd5+ 1-0

[Event "Novokuznetsk op"]
[Site "Novokuznetsk"]
[Date "2013.08.13"]
[Round "3"]
[White "Nigametzianov, Mikhail"]
[Black "Sozin, Stepan"]
[Result "1/2-1/2"]
[WhiteElo "2403"]
[BlackElo "2251"]
[PlyCount "72"]
[EventDate "2013.08.11"]
[EventType "swiss"]
[EventRounds "9"]
[EventCountry "RUS"]
[SourceTitle "CBM 156 Extra"]
[Source "ChessBase"]
[SourceDate "2013.10.22"]
[SourceVersion "1"]
[SourceVersionDate "2013.10.22"]
[SourceQuality "1"]

1. d4 Nf6 2. c4 e6 3. Nf3 b6 4. a3 Bb7 5. Nc3 d5 6. cxd5 Nxd5 7. Qc2 c5 8. e4 Nxc3 9. bxc3 Nd7 10. Bd3 Qc7 11. Qb1 Be7 12. 0-0 h6 13. a4 c4 14. Be2 e5 15. dxe5 Nxe5 16. Qb5+ Nd7 17. Bxc4 0-0 18. Bd5 Nf6 19. Bf4 Qxf4 20. Bxb7 Rab8 21. Bd5 Rbc8 22. Nd4 Rc5 23. Qb3 Nxe4 24. g3 Qe5 25. Nc6 Rxc6 26. Bxc6 Nd2 27. Rfe1 Nxb3 28. Rxe5 Bf6 29. Rae1 Bxe5 30. Rxe5 Nc5 31. a5 Rc8 32. axb6 axb6 33. Bb5 Ne6 34. Re3 Rc5 35. Be2 g6 36. h4 Nc7 1/2-1/2

[Event "Izmailov Memorial op 17th"]
[Site "Tomsk"]
[Date "2013.06.19"]
[Round "9"]
[White "Sozin, Stepan"]
[Black "Isaev, Anton"]
[Result "1-0"]
[WhiteElo "2225"]
[BlackElo "2072"]
[PlyCount "229"]
[EventDate "2013.06.11"]
[EventType "swiss"]
[EventRounds "9"]
[EventCountry "RUS"]
[SourceTitle "EXT 2014"]
[Source "ChessBase"]
[SourceDate "2013.11.20"]
[SourceVersion "1"]
[SourceVersionDate "2013.11.20"]
[SourceQuality "1"]

1. e4 c6 2. d4 d5 3. e5 Bf5 4. c3 e6 5. Be2 Ne7 6. Nf3 h6 7. 0-0 Bh7 8. Nbd2 Nf5 9. Re1 h5 10. Nf1 Be7 11. Qd2 Nd7 12. g3 a6 13. h4 c5 14. Ne3 Qb6 15. a3 a5 16. Ng2 cxd4 17. cxd4 Rc8 18. Nf4 Bg6 19. Nxg6 fxg6 20. Qd3 Rc6 21. Bd2 0-0 22. Bc3 Rfc8 23. Qd2 a4 24. Qd1 Ra8 25. Kg2 Nf8 26. Ng1 Rc7 27. Nh3 Bd8 28. Rc1 Rf7 29. Qd3 Rc7 30. Qd2 Rf7 31. Red1 Nh7 32. Qd3 Be7 33. Qb5 Qxb5 34. Bxb5 g5 35. hxg5 Nxg5 36. Bd7 Ra6 37. Be8 Rf8 38. Bxh5 Ne4 39. Bf3 Nxc3 40. Rxc3 Rb6 41. Rc2 g5 42. Bg4 Nh6 43. Bh5 Rb3 44. Rdd2 Bd8 45. Rc8 Ba5 46. Rdc2 Nf5 47. Nxg5 Nxd4 48. Bf7+ Kg7 49. Rxf8 Kxf8 50. Rc8+ Ke7 51. Re8+ Kd7 52. Nxe6 Nxe6 53. Rxe6 Rxb2 54. Rd6+ Ke7 55. Bxd5 Bc3 56. Rf6 Rb5 57. Bc4 Rxe5 58. Rf7+ Kd6 59. Rxb7 Kc5 60. Bd3 Rd5 61. Bc2 Kc6 62. Ra7 Rd2 63. Bxa4+ Kb6 64. Rf7 Ra2 65. g4 Rxa3 66. Bc2 Bd2 67. Rd7 Bf4 68. Rd4 Bc1 69. Be4 Rc3 70. f3 Bf4 71. Bf5 Be5 72. Rd7 Bf4 73. Bd3 Kc6 74. Rd4 Bd6 75. Be4+ Kd7 76. g5 Ke7 77. Kh3 Bc5 78. Rd5 Be3 79. g6 Rc1 80. Re5+ Kf6 81. f4 Bxf4 82. Rf5+ Kxg6 83. Rxf4+ Kg7 84. Kg4 Rc5 85. Kf3 Rc3+ 86. Ke2 Ra3 87. Bd3 Rb3 88. Ke3 Ra3 89. Kd4 Ra4+ 90. Bc4 Ra5 91. Rf3 Kg6 92. Bd5 Kg5 93. Ke5 Kg4 94. Rf2 Ra3 95. Rf8 Kg3 96. Rg8+ Kf2 97. Rg2+ Kf1 98. Rc2 Ke1 99. Kd4 Kd1 100. Rh2 Kc1 101. Bc4 Ra7 102. Kc3 Rd7 103. Ra2 Rb7 104. Rc2+ Kd1 105. Rf2 Re7 106. Rf6 Re3+ 107. Bd3 Re7 108. Rf1+ Re1 109. Rf2 Re7 110. Ra2 Rc7+ 111. Bc4 Ke1 112. Re2+ Kd1 113. Re5 Rc8 114. Re7 Rc6 115. Rf7 1-0

[Event "Izmailov Memorial op 17th"]
[Site "Tomsk"]
[Date "2013.06.13"]
[Round "3"]
[White "Sozin, Stepan"]
[Black "Tsydendambaev, Artur"]
[Result "1/2-1/2"]
[WhiteElo "2225"]
[BlackElo "2070"]
[PlyCount "84"]
[EventDate "2013.06.11"]
[EventType "swiss"]
[EventRounds "9"]
[EventCountry "RUS"]
[SourceTitle "CBM 154 Extra"]
[Source "ChessBase"]
[SourceDate "2013.06.25"]
[SourceVersion "2"]
[SourceVersionDate "2013.06.25"]
[SourceQuality "1"]

1. e4 g6 2. d4 Bg7 3. Nf3 d6 4. c3 Nf6 5. Bd3 0-0 6. 0-0 Nc6 7. d5 Nb8 8. h3 c6 9. c4 e6 10. Nc3 exd5 11. exd5 Re8 12. Bf4 Na6 13. dxc6 bxc6 14. Bc2 d5 15. Ba4 Bd7 16. Bb3 Nc5 17. cxd5 Nxb3 18. axb3 Nxd5 19. Nxd5 cxd5 20. Qxd5 Be6 21. Qxd8 Rexd8 22. b4 Bxb2 23. Rab1 Bg7 24. b5 h6 25. Rfc1 g5 26. Be3 Rd7 27. Nd2 f5 28. g3 Rf8 29. Rb4 Rfd8 30. Rc2 Rd3 31. Ra4 Be5 32. Ra6 Bf7 33. Nf1 Rd1 34. Rxa7 Rb1 35. Rc5 Bh8 36. Rac7 Rdd1 37. Bc1 Bd5 38. Rc2 Rxb5 39. Rc8+ Kg7 40. Rd2 Rxd2 41. Bxd2 Rb1 42. Rc7+ Kf6 1/2-1/2

[Event "Novokuznetsk-ch"]
[Site "Novokuznetsk"]
[Date "2013.05.12"]
[Round "9"]
[White "Sozin, Stepan"]
[Black "Vorobyova, Alyona"]
[Result "1-0"]
[WhiteElo "2212"]
[BlackElo "2001"]
[PlyCount "81"]
[EventDate "2013.05.01"]
[EventType "swiss"]
[EventRounds "9"]
[EventCountry "RUS"]
[SourceTitle "CBM 154 Extra"]
[Source "ChessBase"]
[SourceDate "2013.06.25"]
[SourceVersion "2"]
[SourceVersionDate "2013.06.25"]
[SourceQuality "1"]

1. e4 c5 2. Nf3 d6 3. c3 Nf6 4. Be2 e5 5. 0-0 Be7 6. d3 0-0 7. Nbd2 Nc6 8. c4 Ne8 9. Re1 f5 10. exf5 Bxf5 11. Nf1 Nf6 12. Ng3 Bd7 13. Bg5 Ne8 14. Be3 Nc7 15. Ne4 Ne6 16. Bf1 Qe8 17. g3 Qg6 18. Bg2 Rf5 19. h4 Raf8 20. Nfg5 Nxg5 21. hxg5 R5f7 22. Qd2 Bg4 23. f4 Qh5 24. Rf1 Kh8 25. Rf2 Qg6 26. Raf1 Bf5 27. Bh1 Bh3 28. Re1 Nd8 29. Rh2 Bf5 30. Bf3 Qe6 31. Nf2 Qc8 32. Bd5 Be6 33. g6 Rf6 34. Rxh7+ Kg8 35. Qe2 Rxg6 36. Qh5 Rh6 37. Rxh6 gxh6 38. Qg6+ Kh8 39. Qxh6+ Kg8 40. Qg6+ Kh8 41. Kg2 1-0